Menerobos sempadan diri [ Dato' Dr. Haji Mohd Fadzilah Kamsah

General viewing for all ages (U)

Bibliographic Details
Main Author: Roslan Mustafa
Format: Book
Published: Kuala Lumpur : Telaga Biru Sdn Bhd , 2002
Subjects:

MARC

LEADER 00000cam a2200000 7i4500
001 0000085426
005 20130628.0
090 0 0 |a 153.8   |b MOH 
100 0 |a Roslan Mustafa 
245 1 0 |a Menerobos sempadan diri [  |h video compact disc] :   |b Dato' Dr. Haji Mohd Fadzilah Kamsah   |c Roslan Mustafa 
260 |a Kuala Lumpur :   |b Telaga Biru Sdn Bhd ,   |c 2002 
300 |a 1 Video compact disc (45 minutes) :   |b col 
500 |a Library has 3 copies 
520 0 |a General viewing for all ages (U) 
650 0 0 |a Motivation (Psychology) 
650 0 0 |a Motivation and personality 
650 0 0 |a Success 
999 |a AV 09029   |b VIDEO COMPACT DISC   |c PINJAMAN   |e PERPUSTAKAAN KOMUNITI PETALING JAYA 
999 |a AV 09030   |b VIDEO COMPACT DISC   |c PINJAMAN   |e PERPUSTAKAAN KOMUNITI PETALING JAYA 
999 |a AV 09179   |b VIDEO COMPACT DISC   |c PINJAMAN   |e PERPUSTAKAAN KOMUNITI PETALING JAYA